Statistiques concernant Les villes d'Inde les plus peuplées

Cliquez ici pour prendre le quiz!

Statistiques générales

  • Ce quiz a été pris 91 fois
  • Le résultat moyen est 7 sur 20

Statistiques - réponses

Population Villes % Correct
4 486 679Calcutta
94%
11 007 835Delhi
92%
12 478 447Mumbai
92%
8 425 970Bangalore
66%
4 681 087Chennai
58%
6 809 970Hyderabad
49%
3 073 350Jaipur
45%
5 570 585Ahmedabad
38%
3 115 431Pune
36%
2 815 601Lucknow
28%
2 405 421Nagpur
25%
4 462 002Surate
23%
1 795 648Bhopal
21%
2 767 031Kanpur
19%
1 683 200Patna
15%
1 960 631Indore
11%
1 666 703Vadodara
9%
1 730 320Visakhapatnam
9%
1 818 872Thane
8%
1 729 359Pimpri-Chinchwad
4%

Distribution des résultats

Percentile by Number Answered

% des personnes avec chaque résultat

Votre développement - résultats

Vous n’avez pas pris ce quiz